| 000 | 00692nam a22002057a 4500 | ||
|---|---|---|---|
| 003 | koha_MIRAKIL | ||
| 005 | 20250428111407.0 | ||
| 008 | 250428b tur||||| |||| 00| 0 tur d | ||
| 020 | _a9789755337043 | ||
| 040 |
_aTR-IsEVY _btur _cTR-IsEVY |
||
| 082 | _a914.961 KOR/İ | ||
| 100 | _aKoray, Melek Oral | ||
| 245 | 0 |
_aİstanbul sanat macerası : _bçocuklar için sanat ve gezi rehberi / _cMelek Oral Koray, Alp Gani Oral. |
|
| 250 | _a2. bs. | ||
| 260 |
_aİstanbul : _bİmge Kitabevi Yayınları, _c2012. |
||
| 300 |
_a78 s. : _brenkli resimli ; _c26 cm. |
||
| 650 |
_aGezi Rehberi. _vİstanbul. _vSanat. _vÇocuklar İçin Sanat. |
||
| 700 | 1 |
_aOral, Alp Gani. _cyazar. |
|
| 942 |
_2ddc _cBK |
||
| 999 |
_c21957 _d21957 |
||